000 00330nam a22001457a 4500
003 SGT
020 _a9789380316895
082 _a616.01
_bSWA
100 _aSWAMY VINOD KUMAR
245 _aPOCKETBOOK OF MEDICAL MICROBIOLOGY
260 _aINDIA
_bAHUJA PUB
_c2023
300 _a696
650 _aMICROBIOLOGY
942 _2ddc
_cBK
999 _c33271
_d33271